000 00735nam a22002417a 4500
001 BR9300429
003 BR-BrBNA
005 20230928093818.0
007 ta
008 230509b bl.||||| |||| 00| 0 por d
040 _aBR-BrBNA
_bpor
_cBiblioteca Nacional de Agricultura
041 _a(Por)
072 _aE21
090 _ E21 BR9300429
110 1 _aInstituto Brasileiro de Assistencia Gerencial a Pequena e Media Empresa de Santa Catarina, Florianopolis (Brasil)
_95711
245 1 _aDiagnostico da industria textil de Santa Catarina
260 3 _aFlorianopolis, SC (Brasil):
_c1975.
300 _a125 p.
650 _aIndustria Textil
650 _aSanta Catarina
909 _a202309
_bLucia
_c55
_dLucia Elande
942 _cBK
999 _c47253
_d47253